00385nam a22001457a 450000500170000001000130001702000230003003500130005303700280006608200120009410000170010624500330012326000430015630000400019920190507174349.0 aB-274888 a8180542890c410.00 aB-274888 bSultan Chand {And} Song a657.425 aSaxena, V.K. aCost accountingcV.K. Saxena aNew DelhibSultan Chand And Songc2005 a486p (it include index)c24cm (hbk)